| 000 | 00619nam a22002177a 4500 | ||
|---|---|---|---|
| 003 | UA-OsUOA | ||
| 001 | 52672 | ||
| 007 | ta | ||
| 008 | 20080227b un ||||| |||| 00| 0 ukr d | ||
| 100 | _aТубіна С. | ||
| 090 |
_a908 _bТ-12 |
||
| 942 | _cSA | ||
| 040 |
_aUA-OsUOA _bukr _cUA-OsUOA _dUA-OsUOA |
||
| 245 | _aВшанувати князя. 2008-й може стати на Рівнещині роком князя Василя-Костянтина Острозького | ||
| 300 | _aС.1 | ||
| 955 | _a0 | ||
| 041 | _aukr | ||
| 080 | _a908 | ||
| 773 | 0 | _w52671 | |
| 650 | 7 |
_a908 Краєзнавство _2UDC |
|
| 999 |
_c338762 _d338762 |
||